Post Colonial Mind (Record no. 16663)

MARC details
000 -LEADER
fixed length control field 00680nam a2200241 a 4500
020 ## - INTERNATIONAL STANDARD BOOK NUMBER
ISBN 019807851X
082 00 - DEWEY DECIMAL CLASSIFICATION NUMBER
Classification number 306
Author Cutter FAR
100 ## - MAIN ENTRY--AUTHOR NAME
Author name Farooqi, Mehr Afshan
245 ## - TITLE STATEMENT
Title Post Colonial Mind
Sub title Urdu Culture, Islam and Modernity in Muhammad Hasan Askari
260 ## - PUBLICATION, DISTRIBUTION, ETC. (IMPRINT)
Place of publication Londan
Name of publisher Oxford University Press
Year of publication 2012
300 ## - PHYSICAL DESCRIPTION
Number of Pages 319p
500 ## - GENERAL NOTE
General note includes index and biblioraphy
505 2# - FORMATTED CONTENTS NOTE
Formatted contents note notes, appendices, index
650 ## - SUBJECT ADDED ENTRY--TOPICAL TERM
Topical Term Post Colonial Theory
942 ## - ADDED ENTRY ELEMENTS (KOHA)
Koha item type Books
700 1# -
-- Farooqi, Mehr Afshan
Holdings
Collection code Home library Current library Date acquired Cost, normal purchase price Full call number Accession Number Koha item type
  Henry Martyn Institute Library Henry Martyn Institute Library 01/30/2014 695.00 306 FAR 024325 Books
                   Copyright © 2026 | Henry Martyn Institute | Hyderabad | TS-500052 | INDIA | Implemented by hmi.edu.in
Hit-Count:

Powered by Koha